000 01026nam a2200301 i 4500
003 OSt
005 20211020120539.0
008 211017t20202020my ae w o001 0 may d
020 _a9789672512172
_cRM25.00
_qpaperback
040 _aPPAK
_beng
_cPPAK
_erda
082 0 4 _223
_a346.595066
090 0 0 _a346.595066
_bAMI
_dG
100 0 _aAmirah Nadiah Muhamad Nadzir,
_d1980-
_eauthor.
245 1 0 _aMEKANISMA PENYELAMAT KORPORAT DI MALAYSIA :
_bIsu Perundangan dan Perbandingan /
_cAmirah Nadiah Muhamad Nadzir, Aishah Bidin
264 1 _aBangi, Selangor :
_bPenerbit Universiti Kebangsaan Malaysia,
_c2020
264 4 _c©2020
300 _a76 pages ;
_c23 cm
336 _2rdacontent
_atext
337 _2rdamedia
_aunmediated
338 _2rdacarrier
_avolume
500 _aIncludes index
504 _aBibliography: page [73]-76
650 1 0 _aCorporation law
_zMalaysia
650 2 0 _aCommercial law
_zMalaysia
650 2 0 _aGovernment publications
_zMalaysia
700 0 _aAishah Bidin,
_eauthor.
942 _2ddc
_cB
999 _c185539
_d185539